000
002770000a22000970004500
100
1
_a
Vázquez Allegue, Jaime
245
1
0
_a
4Q484 prototestamento de Judá : Testjud 24,1; 25,1-2
300
_a
vol. 57, núm 1 (1999), Páginas 735-751
773
0
_t
Estudios Bíblicos
942
_c
ANA
999
_c
50309
_d
50309